00491 2200193 4500001002100000005001500021035002000036008004100056245005200097100001900149250000600168260005100174300001200225084001400237082000800251650001400259990001200273990001200285INLIS00000000000034620240503082118 a0010-0424000322240503 0 ind 1 aOlahraga Tradisional Indonesia /cAjun Khamdani aKhamdani, Ajun a1 aKalimantan :bPT. Maraga Borneo Tarigas,c2017 a106 hlm a700 AJU o a700 4aNon Fiksi a0728706 a0728707